[Event "Scarborough CC Spring Into Summer U2000"]
[Site "Toronto CAN"]
[Date "2011.05.19"]
[Round "3"]
[White "Cale, Ferdinand"]
[Black "Maister, Martin"]
[Result "1/2-1/2"]
[WhiteElo "1700"]
[BlackElo "1733"]
[PlyCount "121"]
[GameId "2160767909770500"]
[EventDate "2011.04.28"]
[EventType "swiss"]
[EventRounds "9"]
[EventCountry "CAN"]
[SourceTitle "EXT 2022"]
[Source "ChessBase"]
[SourceDate "2021.10.06"]
[SourceVersion "1"]
[SourceVersionDate "2021.10.06"]
[SourceQuality "1"]

1. g4 d5 2. e3 e5 3. h4 Bd6 4. f3 Nc6 5. c3 Be6 6. Be2 Be7 7. h5 Bh4+ 8. Kf1 d4 9. d3 Nh6 10. e4 Qf6 11. Kg2 Nxg4 12. Rxh4 Ne3+ 13. Bxe3 Qxh4 14. Bf2 Qxh5 15. Kf1 Qg5 16. Qd2 Qf6 17. cxd4 exd4 18. f4 O-O-O 19. f5 Bd7 20. Qf4 g5 21. Qd2 h5 22. Nf3 Rdg8 23. b4 g4 24. Bh4 Qd6 25. Ne1 Nxb4 26. Kg2 Re8 27. a3 Nc6 28. Nc2 Qe5 29. Bf1 Ne7 30. Qf2 Nc6 31. Nb4 Nxb4 32. axb4 a6 33. Nd2 Reg8 34. Nc4 Qb5 35. Qd2 g3 36. Ra5 Qc6 37. Rc5 Qh6 38. Qxh6 Rxh6 39. Be2 b6 40. Rd5 Re8 41. f6 b5 42. Ne5 Be6 43. Rc5 Bg4 44. Bxg4+ hxg4 45. Bxg3 Rxf6 46. Nxg4 Rg6 47. Rxc7+ Kd8 48. Rxf7 Rxg4 49. Kf3 Rgg8 50. Bf2 Rgf8 51. Rxf8 Rxf8+ 52. Ke2 Kd7 53. Bxd4 Ke6 54. Ke3 Rg8 55. Bc5 Rg3+ 56. Kd2 Rh3 57. d4 Rb3 58. Kc2 Rh3 59. e5 Kd5 60. Kb2 Re3 61. Kc2 1/2-1/2

[Event "Scarborough CC Spring Into Summer U2000"]
[Site "Toronto CAN"]
[Date "2011.05.19"]
[Round "3"]
[White "Huston, Scott"]
[Black "Ward, Dean"]
[Result "1-0"]
[WhiteElo "1811"]
[BlackElo "1790"]
[PlyCount "31"]
[GameId "2160767909770501"]
[EventDate "2011.04.28"]
[EventType "swiss"]
[EventRounds "9"]
[EventCountry "CAN"]
[SourceTitle "EXT 2022"]
[Source "ChessBase"]
[SourceDate "2021.10.06"]
[SourceVersion "1"]
[SourceVersionDate "2021.10.06"]
[SourceQuality "1"]

1. d4 d5 2. c4 e6 3. Nc3 Nf6 4. Nf3 c6 5. e3 Nbd7 6. Qc2 Bd6 7. g4 Nxg4 8. Rg1 Nxh2 9. Nxh2 Bxh2 10. Rxg7 Qh4 11. Bd2 Nf6 12. O-O-O dxc4 13. Bxc4 Rg8 14. Rxg8+ Nxg8 15. Rh1 Qxf2 16. Qxh7 1-0

[Event "Scarborough CC Spring Into Summer U2000"]
[Site "Toronto CAN"]
[Date "2011.05.19"]
[Round "3"]
[White "Moran-Venegas, Mario"]
[Black "Zotkin, Daniel"]
[Result "1/2-1/2"]
[WhiteElo "1835"]
[BlackElo "1626"]
[PlyCount "131"]
[GameId "2160767909770502"]
[EventDate "2011.04.28"]
[EventType "swiss"]
[EventRounds "9"]
[EventCountry "CAN"]
[SourceTitle "EXT 2022"]
[Source "ChessBase"]
[SourceDate "2021.10.06"]
[SourceVersion "1"]
[SourceVersionDate "2021.10.06"]
[SourceQuality "1"]

1. e4 c5 2. Nf3 Nc6 3. d4 cxd4 4. Nxd4 g6 5. c4 Bg7 6. Nc2 Nf6 7. Nc3 O-O 8. Bd3 d6 9. O-O Ne5 10. Be2 Be6 11. b3 Nfd7 12. Bb2 Qa5 13. Qd2 Nc6 14. Rad1 Nc5 15. Ba1 Bxc3 16. Qxc3 Qxc3 17. Bxc3 Nxe4 18. Bb2 Rfd8 19. Nd4 Nxd4 20. Rxd4 Nc5 21. Bf3 Rab8 22. Re1 b5 23. Bd5 bxc4 24. Bxe6 Nxe6 25. Rxc4 Rd7 26. Rec1 Nc5 27. Bd4 Ne6 28. Rc8+ Rd8 29. Rxb8 Rxb8 30. Bxa7 Ra8 31. Be3 Rxa2 32. g3 Rb2 33. Bh6 f6 34. Rc8+ Kf7 35. Rh8 Rxb3 36. Rxh7+ Ke8 37. Rh8+ Kd7 38. Be3 g5 39. h4 gxh4 40. gxh4 d5 41. Kf1 d4 42. Bd2 d3 43. h5 Rb1+ 44. Kg2 Rb2 45. h6 Rb5 46. Ra8 Rh5 47. Ra3 Ng5 48. Rxd3+ Ke8 49. Bxg5 Rxg5+ 50. Kf3 Rh5 51. Ke4 Rxh6 52. f4 Rh5 53. Ra3 Rb5 54. Ra7 f5+ 55. Kf3 Rb3+ 56. Kf2 Kf7 57. Ra5 Kf6 58. Ra6+ e6 59. Ke2 Ke7 60. Kf2 Rb4 61. Kf3 Re4 62. Rb6 e5 63. fxe5 Rxe5 64. Kf4 Rc5 65. Rh6 Rb5 66. Rh5 1/2-1/2

[Event "Scarborough CC Spring Into Summer U2000"]
[Site "Toronto CAN"]
[Date "2011.05.19"]
[Round "3"]
[White "Morra, Lui"]
[Black "Verde, Pino"]
[Result "1-0"]
[WhiteElo "1797"]
[BlackElo "1660"]
[PlyCount "33"]
[GameId "2160767909770503"]
[EventDate "2011.04.28"]
[EventType "swiss"]
[EventRounds "9"]
[EventCountry "CAN"]
[SourceTitle "EXT 2022"]
[Source "ChessBase"]
[SourceDate "2021.10.06"]
[SourceVersion "1"]
[SourceVersionDate "2021.10.06"]
[SourceQuality "1"]

1. b3 e5 2. Bb2 Nc6 3. e4 Nf6 4. Nc3 Bc5 5. h3 O-O 6. Nf3 d6 7. Bc4 Nxe4 8. Nxe4 Bxf2+ 9. Nxf2 d5 10. Bb5 Re8 11. O-O Re6 12. Bxc6 bxc6 13. Nxe5 d4 14. Re1 c5 15. Qf3 Rb8 16. Qxf7+ Kh8 17. Nc6 1-0

[Event "Scarborough CC Spring Into Summer U2000"]
[Site "Toronto CAN"]
[Date "2011.05.19"]
[Round "3"]
[White "Radpey, Abdolreza"]
[Black "Paterson, Jim"]
[Result "0-1"]
[WhiteElo "1710"]
[BlackElo "1793"]
[PlyCount "74"]
[GameId "2160767909770504"]
[EventDate "2011.04.28"]
[EventType "swiss"]
[EventRounds "9"]
[EventCountry "CAN"]
[SourceTitle "EXT 2022"]
[Source "ChessBase"]
[SourceDate "2021.10.06"]
[SourceVersion "1"]
[SourceVersionDate "2021.10.06"]
[SourceQuality "1"]

1. Nf3 d5 2. d4 Nf6 3. Bf4 b6 4. Nc3 Ba6 5. a4 e6 6. Na2 Bd6 7. Be5 Nc6 8. h3 Bxe5 9. Nxe5 Nxe5 10. dxe5 Ne4 11. Qd4 Qg5 12. h4 Qf5 13. Rh3 c5 14. Qe3 Qxe5 15. O-O-O d4 16. Qf3 Bc4 17. b3 Bd5 18. Qd3 Nxf2 19. Qb5+ Ke7 20. e4 Bxe4 21. Rd2 Nxh3 22. gxh3 Qf4 23. h5 Rhb8 24. Qe2 a6 25. Bg2 Bxg2 26. Qxg2 b5 27. a5 c4 28. Kd1 Ra7 29. Rf2 Qe5 30. Qf3 Kf8 31. Nb4 d3 32. cxd3 Qa1+ 33. Ke2 Rd7 34. Qf4 cxd3+ 35. Nxd3 Rbd8 36. Ne5 Qd1+ 37. Ke3 Rd3+ 0-1

[Event "Scarborough CC Spring Into Summer U2000"]
[Site "Toronto CAN"]
[Date "2011.05.19"]
[Round "3"]
[White "Rutherdale, William"]
[Black "Mesiti, Silvano"]
[Result "1-0"]
[WhiteElo "1697"]
[BlackElo "1666"]
[PlyCount "111"]
[GameId "2160767909770505"]
[EventDate "2011.04.28"]
[EventType "swiss"]
[EventRounds "9"]
[EventCountry "CAN"]
[SourceTitle "EXT 2022"]
[Source "ChessBase"]
[SourceDate "2021.10.06"]
[SourceVersion "1"]
[SourceVersionDate "2021.10.06"]
[SourceQuality "1"]

1. d4 g6 2. c4 Bg7 3. Nf3 Nf6 4. Nc3 O-O 5. e4 d6 6. g3 Nc6 7. d5 Nb4 8. a3 Na6 9. Be3 Ng4 10. Bd4 Nf6 11. Bg2 Nc5 12. Qc2 Ncd7 13. O-O Re8 14. Rfe1 e5 15. Be3 b6 16. b4 Ng4 17. Bg5 Bf6 18. Bxf6 Ngxf6 19. Rac1 Nh5 20. Na4 Ndf6 21. c5 bxc5 22. bxc5 Bg4 23. c6 Kh8 24. Rb1 Bc8 25. Nc3 Ba6 26. Rb4 Rb8 27. Reb1 Rb6 28. Nd2 Qe7 29. Bf1 Bxf1 30. Kxf1 Ng4 31. h3 Nxg3+ 32. Kg2 Nxf2 33. Kxg3 Qf6 34. Rf1 Rxb4 35. axb4 Qf4+ 36. Kg2 Rb8 37. b5 Qg5+ 38. Kxf2 h5 39. Nf3 Qf6 40. Kg2 Qe7 41. Qa4 Ra8 42. Qa6 Qd8 43. Qb7 Kg7 44. Ra1 g5 45. Rxa7 Rxa7 46. Qxa7 g4 47. hxg4 hxg4 48. Ng1 Qg5 49. Qf2 Qc1 50. Nge2 Qc2 51. Qf5 g3 52. Qg4+ Kf8 53. Qxg3 Qd2 54. Qg4 Qh6 55. b6 cxb6 56. c7 1-0

[Event "Scarborough CC Spring Into Summer U2000"]
[Site "Toronto CAN"]
[Date "2011.05.19"]
[Round "3"]
[White "Stavropoulos, Greg"]
[Black "Zhang, John"]
[Result "1/2-1/2"]
[WhiteElo "1872"]
[BlackElo "1612"]
[PlyCount "120"]
[GameId "2160767909770506"]
[EventDate "2011.04.28"]
[EventType "swiss"]
[EventRounds "9"]
[EventCountry "CAN"]
[SourceTitle "EXT 2022"]
[Source "ChessBase"]
[SourceDate "2021.10.06"]
[SourceVersion "1"]
[SourceVersionDate "2021.10.06"]
[SourceQuality "1"]

1. c4 Nf6 2. Nf3 g6 3. g3 Bg7 4. Bg2 O-O 5. Nc3 Nc6 6. O-O d6 7. d3 e5 8. Bg5 h6 9. Bxf6 Qxf6 10. Rb1 Qd8 11. b4 f5 12. Nd5 Ne7 13. Nd2 c6 14. Nxe7+ Qxe7 15. b5 Bd7 16. bxc6 Bxc6 17. Bxc6 bxc6 18. Qa4 Qd7 19. Rb3 Rab8 20. Rfb1 Rxb3 21. Rxb3 f4 22. Qa6 fxg3 23. hxg3 Qg4 24. Nf3 e4 25. dxe4 Qxe4 26. Re3 Qb1+ 27. Kg2 Qb6 28. Qxb6 axb6 29. Re6 Rf6 30. Re8+ Rf8 31. Re6 Rf6 32. Re3 Kf7 33. Rb3 Rf5 34. Rxb6 Rc5 35. Rb4 Bc3 36. Ra4 Ra5 37. Rxa5 Bxa5 38. Nd4 c5 39. Nb3 Bb4 40. e4 Ba3 41. f4 Ke6 42. Kf3 g5 43. Kg4 Kf6 44. Na5 Bc1 45. a4 h5+ 46. Kxh5 gxf4 47. gxf4 Bxf4 48. Kg4 Ke5 49. Kf3 Bh2 50. Nb3 Ke6 51. a5 Kd7 52. Kg4 Kc7 53. Kf5 Kb7 54. Ke6 Ka6 55. Kd5 Bg3 56. Nxc5+ dxc5 57. Kxc5 Kxa5 58. Kd5 Kb4 59. c5 Kb5 60. c6 Kb6 1/2-1/2

[Event "Scarborough CC Spring Into Summer U2000"]
[Site "Toronto CAN"]
[Date "2011.05.19"]
[Round "3"]
[White "Ugodnikov, Arkadiy"]
[Black "Manalo, Pepin"]
[Result "0-1"]
[WhiteElo "1842"]
[BlackElo "1744"]
[PlyCount "144"]
[GameId "2160767909770507"]
[EventDate "2011.04.28"]
[EventType "swiss"]
[EventRounds "9"]
[EventCountry "CAN"]
[SourceTitle "EXT 2022"]
[Source "ChessBase"]
[SourceDate "2021.10.06"]
[SourceVersion "1"]
[SourceVersionDate "2021.10.06"]
[SourceQuality "1"]

1. e4 g6 2. d4 Bg7 3. Nf3 d6 4. Be2 Nf6 5. Nc3 Nbd7 6. O-O O-O 7. h3 c5 8. Be3 cxd4 9. Nxd4 a6 10. Qd2 Re8 11. Bh6 Bh8 12. Kh1 Nc5 13. Bf3 Qb6 14. Nb3 Nxb3 15. axb3 Be6 16. Be3 Qc7 17. Rfe1 Rac8 18. Bf4 Nd7 19. Re3 Ne5 20. Bd1 Qb8 21. Nd5 Nc6 22. c3 Qa7 23. Rg3 Bg7 24. Be3 Qb8 25. f4 f5 26. Bc2 Kf7 27. exf5 Bxf5 28. Bxf5 gxf5 29. Qe2 Kg8 30. Qh5 Kh8 31. Qg5 Rg8 32. Re1 Rcf8 33. Qh5 e6 34. Nb6 Qe8 35. Qe2 e5 36. Nd5 Qf7 37. c4 e4 38. Qd2 Rd8 39. Bb6 Rd7 40. b4 Ne7 41. Nxe7 Qxe7 42. Ra3 Qf6 43. Rb3 Rc8 44. Qd5 Qh4 45. Rf1 Qf6 46. b5 Qf7 47. Qxf7 Rxf7 48. bxa6 bxa6 49. Rb4 Rb7 50. Ba5 Rxb4 51. Bxb4 Rxc4 52. Bxd6 Bxb2 53. Be5+ Bxe5 54. fxe5 e3 55. Kg1 Re4 56. Re1 Rxe5 57. g3 Kg7 58. Kf1 h5 59. h4 Kf6 60. Ke2 a5 61. Rb1 Re6 62. Rb5 a4 63. Ra5 Re4 64. Ra6+ Ke5 65. Ra5+ Ke6 66. Ra6+ Kd7 67. Ra5 Ke6 68. Ra6+ Kd5 69. Ra5+ Kd6 70. Rxf5 Re5 71. Rf4 Ra5 72. Kxe3 a3 0-1

[Event "Scarborough CC Spring Into Summer U2000"]
[Site "Toronto CAN"]
[Date "2011.05.26"]
[Round "4"]
[White "Bao, Stephen"]
[Black "Huston, Scott"]
[Result "0-1"]
[WhiteElo "1812"]
[BlackElo "1811"]
[PlyCount "104"]
[GameId "2160767909770508"]
[EventDate "2011.04.28"]
[EventType "swiss"]
[EventRounds "9"]
[EventCountry "CAN"]
[SourceTitle "EXT 2022"]
[Source "ChessBase"]
[SourceDate "2021.10.06"]
[SourceVersion "1"]
[SourceVersionDate "2021.10.06"]
[SourceQuality "1"]

1. d4 Nf6 2. c4 e6 3. Nf3 b6 4. g3 Ba6 5. b3 Be7 6. Bg2 Bb7 7. Nbd2 c5 8. Bb2 O-O 9. O-O d6 10. Re1 Nbd7 11. Nf1 cxd4 12. Bxd4 a5 13. Rc1 Nc5 14. Ba1 Qd7 15. Qd2 b5 16. cxb5 Qxb5 17. Ne3 Nce4 18. Qb2 Rac8 19. Nd4 Qh5 20. Bf3 Qh6 21. Ndf5 exf5 22. Nxf5 Qh3 23. Nxe7+ Kh8 24. Rxc8 Rxc8 25. Nxc8 Qxc8 26. Rc1 Nc5 27. Bxb7 Qxb7 28. Qd2 Qe4 29. Qxd6 Ne6 30. Bxf6 gxf6 31. Qd2 Ng5 32. f3 Qe6 33. h4 Qb6+ 34. Kg2 Ne6 35. Qh6 Qd8 36. Rc3 f5 37. Qc1 Kg7 38. Rd3 Qe7 39. Qc3+ Kg8 40. e3 h6 41. Qxa5 f4 42. Qa8+ Kg7 43. Qe4 fxg3 44. Kxg3 Qc7+ 45. f4 Qc1 46. Qe5+ Kg8 47. Qe4 Qe1+ 48. Kh3 h5 49. f5 Nf8 50. Rd8 Kg7 51. Qg2+ Ng6 52. Re8 Qxh4# 0-1

[Event "Scarborough CC Spring Into Summer U2000"]
[Site "Toronto CAN"]
[Date "2011.05.26"]
[Round "4"]
[White "Bellomo, Joe"]
[Black "Stavropoulos, Greg"]
[Result "0-1"]
[WhiteElo "1674"]
[BlackElo "1872"]
[PlyCount "91"]
[GameId "2160767909770509"]
[EventDate "2011.04.28"]
[EventType "swiss"]
[EventRounds "9"]
[EventCountry "CAN"]
[SourceTitle "EXT 2022"]
[Source "ChessBase"]
[SourceDate "2021.10.06"]
[SourceVersion "1"]
[SourceVersionDate "2021.10.06"]
[SourceQuality "1"]

1. e4 c5 2. Nf3 e6 3. d3 d5 4. exd5 exd5 5. g3 Nf6 6. Be2 h6 7. O-O Nc6 8. Re1 Be7 9. Bf1 O-O 10. Bg2 Bd6 11. Nbd2 Be6 12. Nf1 Qd7 13. Nh4 Bh3 14. Bh1 Rfe8 15. Ne3 d4 16. Neg2 Bg4 17. f3 Rxe1+ 18. Nxe1 Be6 19. Nhg2 Re8 20. Bf4 Nd5 21. Bxd6 Qxd6 22. Qd2 Bd7 23. c4 dxc3 24. bxc3 Qe5 25. Rc1 Qe2 26. Qxe2 Rxe2 27. d4 c4 28. f4 Rxa2 29. Nf3 Ra3 30. Nd2 Na5 31. Ne1 Bc6 32. Ne4 Kf8 33. Nc2 Nxc3 34. Re1 Ra2 35. Nxc3 Rxc2 36. d5 Rxc3 37. dxc6 Nxc6 38. Bd5 Na5 39. Ra1 b6 40. Re1 Rd3 41. Be4 Rd4 42. Kg2 Rd2+ 43. Kh3 Nb3 44. Bc6 g5 45. Rf1 Kg7 46. Rc1 0-1

[Event "Scarborough CC Spring Into Summer U2000"]
[Site "Toronto CAN"]
[Date "2011.05.26"]
[Round "4"]
[White "Gillis, Doug"]
[Black "Verde, Pino"]
[Result "0-1"]
[WhiteElo "1668"]
[BlackElo "1660"]
[PlyCount "100"]
[GameId "2160767909770510"]
[EventDate "2011.04.28"]
[EventType "swiss"]
[EventRounds "9"]
[EventCountry "CAN"]
[SourceTitle "EXT 2022"]
[Source "ChessBase"]
[SourceDate "2021.10.06"]
[SourceVersion "1"]
[SourceVersionDate "2021.10.06"]
[SourceQuality "1"]

1. d4 d6 2. e4 Nf6 3. Nc3 Nbd7 4. Nf3 e5 5. Bc4 Be7 6. O-O O-O 7. Re1 c6 8. Bb3 b5 9. Bg5 a5 10. a3 Re8 11. Qe2 Qc7 12. Bh4 a4 13. dxe5 dxe5 14. Ba2 Ba6 15. Nd1 b4 16. Bc4 Bxc4 17. Qxc4 bxa3 18. bxa3 Nb6 19. Qc3 Nfd7 20. Bg3 f6 21. Ne3 g6 22. Rad1 Nc5 23. Nc4 Nxc4 24. Qxc4+ Kg7 25. Nd2 Rad8 26. Nb1 Qa5 27. f3 Rxd1 28. Rxd1 Rd8 29. Rxd8 Qxd8 30. Qe2 Ne6 31. Bf2 Nd4 32. Qd2 Qb6 33. Qd1 Qb2 34. Bxd4 exd4 35. h3 Bc5 36. Kh2 Qb8+ 37. Kh1 Qg3 38. Nd2 Qf2 39. Nc4 h5 40. Nb2 Bd6 41. Nxa4 Qg3 42. Qg1 Bf4 43. Nc5 Be3 44. Qf1 Kh6 45. a4 Bf4 46. Qg1 g5 47. a5 g4 48. Nd3 Bc7 49. fxg4 hxg4 50. hxg4 Qh4+ 0-1

[Event "Scarborough CC Spring Into Summer U2000"]
[Site "Toronto CAN"]
[Date "2011.05.26"]
[Round "4"]
[White "Maister, Martin"]
[Black "Rutherdale, William"]
[Result "0-1"]
[WhiteElo "1733"]
[BlackElo "1697"]
[PlyCount "101"]
[GameId "2160767909770511"]
[EventDate "2011.04.28"]
[EventType "swiss"]
[EventRounds "9"]
[EventCountry "CAN"]
[SourceTitle "EXT 2022"]
[Source "ChessBase"]
[SourceDate "2021.10.06"]
[SourceVersion "1"]
[SourceVersionDate "2021.10.06"]
[SourceQuality "1"]

1. e4 e5 2. Nf3 Nc6 3. d4 exd4 4. Bc4 Be7 5. O-O Nf6 6. e5 Ne4 7. Re1 d5 8. exd6 Nxd6 9. Bb3 O-O 10. Nxd4 Nxd4 11. Qxd4 Bf6 12. Qd1 Bd7 13. c3 Bc6 14. Bf4 Re8 15. Na3 Qd7 16. Qd2 Qg4 17. Rxe8+ Rxe8 18. f3 Bxf3 19. h3 Qg6 20. Bxd6 Re2 21. Qxe2 Bxe2 22. Re1 cxd6 23. Rxe2 Kf8 24. Ba4 Be5 25. Bc2 Qg3 26. Bb3 g6 27. Nc4 f5 28. Re3 Qh2+ 29. Kf2 Qf4+ 30. Rf3 Qh4+ 31. Kf1 Qg5 32. Ne3 Qd8 33. Nd5 Qg5 34. Ne3 Bf4 35. Nd5 Bg3 36. Ne3 Kg7 37. Bc2 f4 38. Nd1 Qb5+ 39. Kg1 Qe2 40. Bb3 g5 41. Rf1 h5 42. Bd5 Qb5 43. Bb3 Kh6 44. Kh1 b6 45. Rf3 g4 46. c4 Qe5 47. Rf1 Qe2 48. Rg1 f3 49. Nc3 Qxb2 50. Ne4 f2 51. Rf1 0-1

[Event "Scarborough CC Spring Into Summer U2000"]
[Site "Toronto CAN"]
[Date "2011.05.26"]
[Round "4"]
[White "Paterson, Jim"]
[Black "Moran-Venegas, Mario"]
[Result "1-0"]
[WhiteElo "1793"]
[BlackElo "1835"]
[PlyCount "93"]
[GameId "2160767909770512"]
[EventDate "2011.04.28"]
[EventType "swiss"]
[EventRounds "9"]
[EventCountry "CAN"]
[SourceTitle "EXT 2022"]
[Source "ChessBase"]
[SourceDate "2021.10.06"]
[SourceVersion "1"]
[SourceVersionDate "2021.10.06"]
[SourceQuality "1"]

1. e4 c5 2. d4 cxd4 3. c3 dxc3 4. Nxc3 g6 5. Bc4 Nc6 6. Be3 Bg7 7. Nf3 e6 8. O-O a6 9. Qd2 Ne5 10. Nxe5 Bxe5 11. f4 Bg7 12. Qd6 Qe7 13. Qb6 Bf8 14. a3 Qd6 15. Qd4 Qxd4 16. Bxd4 f6 17. f5 gxf5 18. exf5 e5 19. Bb6 Ne7 20. Ne4 Ng8 21. Bxg8 Rxg8 22. Nxf6+ Kf7 23. Nxg8 Kxg8 24. Bc7 Bc5+ 25. Kh1 Bd4 26. Rab1 Kf7 27. b4 b5 28. Rb3 Bb7 29. Rg3 Be4 30. f6 Bg6 31. Bd6 Rc8 32. h4 h5 33. Rxg6 Kxg6 34. f7 Bb2 35. f8=Q Rxf8 36. Rxf8 e4 37. Re8 Kf5 38. g3 Bxa3 39. Re5+ Kf6 40. Rxe4 a5 41. Re3 axb4 42. Rb3 Kf5 43. Bxb4 Bxb4 44. Rxb4 d5 45. Rxb5 Ke4 46. Kg2 d4 47. Rxh5 1-0

[Event "Scarborough CC Spring Into Summer U2000"]
[Site "Toronto CAN"]
[Date "2011.05.26"]
[Round "4"]
[White "Radpey, Abdolreza"]
[Black "Armstrong, Robert J"]
[Result "0-1"]
[WhiteElo "1710"]
[BlackElo "1740"]
[PlyCount "70"]
[GameId "2160767909770513"]
[EventDate "2011.04.28"]
[EventType "swiss"]
[EventRounds "9"]
[EventCountry "CAN"]
[SourceTitle "EXT 2022"]
[Source "ChessBase"]
[SourceDate "2021.10.06"]
[SourceVersion "1"]
[SourceVersionDate "2021.10.06"]
[SourceQuality "1"]

1. c4 g6 2. Nc3 Bg7 3. d4 Nf6 4. Nf3 O-O 5. e4 d6 6. h3 Nc6 7. Be3 e5 8. d5 Ne7 9. Qc2 a6 10. Bd3 Nh5 11. Ne2 h6 12. g4 Nf6 13. O-O-O b5 14. cxb5 axb5 15. b3 Ba6 16. g5 hxg5 17. Nxg5 Qd7 18. f4 exf4 19. Bxf4 b4 20. Bxa6 Rxa6 21. Kd2 Rfa8 22. Nc1 Nh5 23. Ke3 Re8 24. Kf3 Nxf4 25. Kxf4 Ra5 26. h4 Rc5 27. Qg2 Rc3 28. Nd3 Nxd5+ 29. Kf3 Nf6 30. Ke2 Qc6 31. Nxb4 Qb7 32. Nd5 Nxd5 33. Rxd5 Qxd5 34. Rd1 Rc2+ 35. Kf3 Qxd1+ 0-1

[Event "Scarborough CC Spring Into Summer U2000"]
[Site "Toronto CAN"]
[Date "2011.05.26"]
[Round "4"]
[White "Ugodnikov, Arkadiy"]
[Black "Sharpe, Michael"]
[Result "1-0"]
[WhiteElo "1842"]
[BlackElo "1662"]
[PlyCount "116"]
[GameId "2160767909770514"]
[EventDate "2011.04.28"]
[EventType "swiss"]
[EventRounds "9"]
[EventCountry "CAN"]
[SourceTitle "EXT 2022"]
[Source "ChessBase"]
[SourceDate "2021.10.06"]
[SourceVersion "1"]
[SourceVersionDate "2021.10.06"]
[SourceQuality "1"]

1. e4 c5 2. Nf3 d6 3. Bb5+ Bd7 4. Bxd7+ Qxd7 5. c4 Nf6 6. Nc3 e6 7. O-O Be7 8. d4 O-O 9. h3 Rd8 10. Be3 Nc6 11. Qe2 cxd4 12. Nxd4 d5 13. cxd5 exd5 14. exd5 Nxd5 15. Nxd5 Qxd5 16. Nxc6 Qxc6 17. Bxa7 Bg5 18. Be3 Re8 19. Rfc1 Qe6 20. Rc3 f5 21. Qd2 Rad8 22. Qc1 Bxe3 23. Rxe3 Qc8 24. Rc3 Qd7 25. Qc2 Qd2 26. Qb3+ Kh8 27. Rc2 Re1+ 28. Rxe1 Qxe1+ 29. Kh2 Qe5+ 30. g3 h6 31. Qc4 b5 32. Qf1 f4 33. Re2 Qd6 34. Qe1 fxg3+ 35. fxg3 Qd5 36. a3 Qb3 37. h4 b4 38. axb4 Rb8 39. Re4 Qxb2+ 40. Kh3 Qb3 41. Rf4 Qd5 42. Re4 Rd8 43. Re5 Qd7+ 44. Kh2 Qd2+ 45. Qxd2 Rxd2+ 46. Kh3 Rb2 47. Re4 Kg8 48. Kg4 g6 49. h5 gxh5+ 50. Kxh5 Rb3 51. Kg4 Kg7 52. Kf4 Kf6 53. Rc4 Kg6 54. Rc6+ Kg7 55. Rc4 Kf6 56. g4 Kg6 57. Rd4 Kf6 58. Ke4 Ke6 1-0

[Event "Scarborough CC Spring Into Summer U2000"]
[Site "Toronto CAN"]
[Date "2011.05.26"]
[Round "4"]
[White "Ward, Dean"]
[Black "Triefeldt, Jack"]
[Result "1-0"]
[WhiteElo "1790"]
[BlackElo "1714"]
[PlyCount "87"]
[GameId "2160767909770515"]
[EventDate "2011.04.28"]
[EventType "swiss"]
[EventRounds "9"]
[EventCountry "CAN"]
[SourceTitle "EXT 2022"]
[Source "ChessBase"]
[SourceDate "2021.10.06"]
[SourceVersion "1"]
[SourceVersionDate "2021.10.06"]
[SourceQuality "1"]

1. d4 Nf6 2. c4 c6 3. Nc3 d5 4. cxd5 cxd5 5. Nf3 Nc6 6. h3 e6 7. Bg5 Be7 8. e3 O-O 9. a3 a6 10. Bd3 b5 11. Bc2 Bb7 12. Qd3 g6 13. Bh6 Re8 14. b4 Bf8 15. Bg5 Bg7 16. O-O Qc7 17. Bf4 Qc8 18. Ne2 Nd7 19. Rac1 Nb6 20. h4 e5 21. dxe5 Nxe5 22. Nxe5 Bxe5 23. Bxe5 Rxe5 24. Qd4 Qc7 25. Bxg6 Nc4 26. Bd3 Qe7 27. Qg4+ Kh8 28. Qd4 Qf6 29. Nf4 Qg7 30. Be2 Re7 31. Qxg7+ Kxg7 32. Rc3 Rd8 33. Rd1 Red7 34. Rd4 Rd6 35. Nd3 Bc8 36. Nc5 Kf6 37. Rf4+ Ke7 38. Bh5 f6 39. Bg4 Ne5 40. Bxc8 Rxc8 41. Rd4 Rc7 42. e4 dxe4 43. Rxd6 Kxd6 44. Nxe4+ 1-0

[Event "Scarborough CC Spring Into Summer U2000"]
[Site "Toronto CAN"]
[Date "2011.06.02"]
[Round "5"]
[White "Armstrong, Robert J"]
[Black "Ugodnikov, Arkadiy"]
[Result "0-1"]
[WhiteElo "1740"]
[BlackElo "1842"]
[PlyCount "58"]
[GameId "2160767909770516"]
[EventDate "2011.04.28"]
[EventType "swiss"]
[EventRounds "9"]
[EventCountry "CAN"]
[SourceTitle "EXT 2022"]
[Source "ChessBase"]
[SourceDate "2021.10.06"]
[SourceVersion "1"]
[SourceVersionDate "2021.10.06"]
[SourceQuality "1"]

1. d4 Nf6 2. c4 c5 3. d5 b5 4. cxb5 a6 5. Nc3 axb5 6. Nxb5 Ba6 7. Nc3 d6 8. Nf3 g6 9. g3 Bg7 10. e4 Bxf1 11. Kxf1 Nbd7 12. Kg2 O-O 13. Re1 Ng4 14. Bf4 Nge5 15. Qc1 Nd3 16. Qe3 Nxe1+ 17. Rxe1 Nb6 18. b3 c4 19. Bh6 cxb3 20. axb3 e6 21. Bxg7 Kxg7 22. dxe6 fxe6 23. Rd1 Nc8 24. Nb5 Ra6 25. Qc3+ Qf6 26. e5 dxe5 27. Nxe5 Qxf2+ 28. Kh1 Kg8 29. Nc7 Ra2 0-1

[Event "Scarborough CC Spring Into Summer U2000"]
[Site "Toronto CAN"]
[Date "2011.06.02"]
[Round "5"]
[White "Huston, Scott"]
[Black "Song, Lin"]
[Result "0-1"]
[WhiteElo "1811"]
[BlackElo "1839"]
[PlyCount "96"]
[GameId "2160767909770517"]
[EventDate "2011.04.28"]
[EventType "swiss"]
[EventRounds "9"]
[EventCountry "CAN"]
[SourceTitle "EXT 2022"]
[Source "ChessBase"]
[SourceDate "2021.10.06"]
[SourceVersion "1"]
[SourceVersionDate "2021.10.06"]
[SourceQuality "1"]

1. d4 Nf6 2. c4 g6 3. Nc3 Bg7 4. e4 d6 5. Nf3 O-O 6. h3 e5 7. d5 Na6 8. Bg5 h6 9. Be3 Nc5 10. Nd2 Ne8 11. Qc2 f5 12. f3 fxe4 13. Ncxe4 Nxe4 14. Nxe4 Nf6 15. Ng3 e4 16. O-O-O exf3 17. Qxg6 Qe8 18. Qd3 fxg2 19. Bxg2 Qe5 20. Bd4 Qg5+ 21. Kb1 Qh4 22. Nf5 Bxf5 23. Qxf5 Rae8 24. Qd3 Nh5 25. Bxg7 Nxg7 26. Rhg1 Rf2 27. Rd2 Rxd2 28. Qxd2 Qxc4 29. Qxh6 Re2 30. Qc1 Qd4 31. Rd1 Rxb2+ 32. Qxb2 Qxd1+ 33. Qc1 Qxc1+ 34. Kxc1 Kf7 35. Bf3 Kf6 36. Kd2 Nf5 37. Kd3 Ke5 38. Bg4 Nh6 39. Bc8 Kxd5 40. Bxb7+ Kc5 41. Ke4 Nf7 42. Kf5 d5 43. Kf6 Nd6 44. Ba6 Nc4 45. Bc8 d4 46. Bf5 Nd6 47. Bg6 Kd5 48. Bd3 c5 0-1